Vista normal
Vista MARC
Entrada Personal Name
Número de registros utilizados en: 1
001 - CONTROL NUMBER
- control field: 18026
003 - CONTROL NUMBER IDENTIFIER
- control field: DLC
005 - DATE AND TIME OF LATEST TRANSACTION
- control field: 20260415154754.0
008 - FIXED-LENGTH DATA ELEMENTS
- fixed length control field: 050425n| acannaabn |n aaa
010 ## - LIBRARY OF CONGRESS CONTROL NUMBER
- LC control number: n 2005030044
040 ## - CATALOGING SOURCE
- Original cataloging agency: DLC
- Language of cataloging: spa
- Transcribing agency: Mx-PuUPA
- Modifying agency: Mx-PuUPA
- Description conventions: rda
046 ## - SPECIAL CODED DATES
- Birth date: 1972
100 1# - HEADING--PERSONAL NAME
- Personal name: Silver, Stephen,
- Dates associated with a name: 1972-
374 ## - OCCUPATION
- Occupation: Autor
- Occupation: Artista, dibujante y diseñador de personajes británico
375 ## - GENDER
- Gender: hombre
377 ## - ASSOCIATED LANGUAGE
- Language code: eng
670 ## - SOURCE DATA FOUND
- Source citation: Silver, Stephen. The art of Silver, 2004:
- Information found: t.p. (Stephen Silver)
670 ## - SOURCE DATA FOUND
- Source citation: LC in OCLC, Apr. 25, 2005:
- Information found: (Silver, Stephen, 1972-)